De cara al viento: todos los estudiantes cantan
Gespeichert in:
| 1. Verfasser: | |
|---|---|
| Format: | Buch |
| Sprache: | Spanisch |
| Veröffentlicht: |
Santiago
Grupo Cámara Chile
1992
|
| Schlagworte: | |
| Tags: |
Tag hinzufügen
Keine Tags, Fügen Sie den ersten Tag hinzu!
|
MARC
| LEADER | 00000nam a2200000 a 4500 | ||
|---|---|---|---|
| 001 | UCL1982 | ||
| 003 | CL-VaPUC | ||
| 008 | 030926e19920000CL |||||||||||||||||spa|d | ||
| 082 | 0 | 4 | |a 372.87 |b BAE |2 21 |
| 100 | 0 | |a Baeza Gajardo, Mario |e author |9 479013 | |
| 245 | 1 | 0 | |a De cara al viento: todos los estudiantes cantan |
| 300 | |a 40 p | ||
| 942 | |c BK | ||
| 945 | |d 20030926 00:00:00 |a cmena | ||
| 260 | |a Santiago |b Grupo Cámara Chile |c 1992 | ||
| 650 | 0 | |a Educación musical |9 310072 | |
| 650 | 0 | |a Educación básica |9 224933 | |
| 650 | 0 | |a Canciones infantiles |9 307627 | |
| 583 | |a last modification |c 20030926 00:00:00 |k Rodrigo Vera | ||
| 999 | |c 305410 |d 305408 | ||
| 952 | |0 0 |1 0 |4 0 |6 372_870000000000000_BAE_1992 |7 0 |8 P |9 369274 |a BIBEDU |b BIBEDU |c BIBEDU_PB |d 2019-11-21 |i 394204K |o 372.87 BAE 1992 |p 394204K |r 2024-01-25 |w 2019-11-21 |y BK |k EPE | ||
| 952 | |0 0 |1 0 |4 0 |6 372_870000000000000_BAE_1992 |7 0 |8 P |9 369275 |a BIBEDU |b BIBEDU |c BIBEDU_PB |d 2019-11-21 |i 4013603 |o 372.87 BAE 1992 |p 4013603 |r 2024-01-25 |w 2019-11-21 |y BK |k EPE | ||